[Event "Guaira op 2nd"]
[Site "Guaira"]
[Date "2016.11.06"]
[Round "6"]
[White "Da Silva, Darley Donizetti"]
[Black "De Oliveira, Valdo Chaves"]
[Result "1/2-1/2"]
[WhiteElo "1853"]
[BlackElo "1800"]
[PlyCount "91"]
[EventDate "2016.11.04"]
[EventType "swiss"]
[EventRounds "6"]
[EventCountry "BRA"]
[SourceTitle "CBM 175 Extra"]
[Source "ChessBase"]
[SourceDate "2016.12.12"]
[SourceVersion "1"]
[SourceVersionDate "2016.12.12"]
[SourceQuality "1"]

1. e4 c5 2. Nf3 Nc6 3. Nc3 Nf6 4. d4 cxd4 5. Nxd4 e5 6. Ndb5 d6 7. Bg5 a6 8. Na3 b5 9. Nd5 Be7 10. Bxf6 Bxf6 11. c3 0-0 12. Nc2 Bg5 13. g3 Rb8 14. Bg2 g6 15. 0-0 Be6 16. Nce3 Bxe3 17. Nxe3 a5 18. Nd5 Bxd5 19. Qxd5 Ne7 20. Qd3 Qb6 21. Rad1 Rfd8 22. Rd2 Qc5 23. Rfd1 Rb6 24. a3 b4 25. axb4 axb4 26. Rc2 bxc3 27. bxc3 Rc6 28. Rdc1 Nc8 29. Bf1 d5 30. exd5 Rxd5 31. Qe2 Rcd6 32. Kg2 e4 33. Qxe4 Re5 34. Qf3 Rde6 35. Bd3 Nd6 36. Rf1 Kg7 37. Rcc1 Rf6 38. Qg4 h5 39. Qd4 Qxd4 40. cxd4 Rd5 41. Rfd1 Rxd4 42. Be2 Rxd1 43. Rxd1 Ne4 44. Rf1 Rd6 45. Rd1 Rxd1 46. Bxd1 1/2-1/2

[Event "Guaira op 2nd"]
[Site "Guaira"]
[Date "2016.11.05"]
[Round "2"]
[White "De Oliveira, Valdo Chaves"]
[Black "Da Silva, Hermes Ludovino"]
[Result "1-0"]
[WhiteElo "1800"]
[BlackElo "1488"]
[PlyCount "55"]
[EventDate "2016.11.04"]
[EventType "swiss"]
[EventRounds "6"]
[EventCountry "BRA"]
[SourceTitle "CBM 175 Extra"]
[Source "ChessBase"]
[SourceDate "2016.12.12"]
[SourceVersion "1"]
[SourceVersionDate "2016.12.12"]
[SourceQuality "1"]

1. e4 e5 2. Nf3 Nc6 3. Bb5 Bd6 4. 0-0 Nge7 5. c3 a6 6. Ba4 0-0 7. d3 Re8 8. Nbd2 b5 9. Bc2 b4 10. Re1 Ng6 11. Nf1 Nce7 12. d4 c6 13. Ng3 f6 14. Nf5 Nxf5 15. exf5 Ne7 16. dxe5 Bc5 17. exf6 gxf6 18. Bh6 d5 19. Nd4 Kh8 20. Ne6 Bxe6 21. fxe6 Qb6 22. Qf3 Ng8 23. Re2 Ra7 24. Rae1 Ree7 25. Bf8 Rec7 26. e7 Bxe7 27. Rxe7 c5 28. Bg7# 1-0

[Event "Guaira op 2nd"]
[Site "Guaira"]
[Date "2016.11.05"]
[Round "3"]
[White "De Oliveira, Valdo Chaves"]
[Black "Nunes, Guilherme Sacardo T"]
[Result "1-0"]
[WhiteElo "1800"]
[BlackElo "1392"]
[PlyCount "49"]
[EventDate "2016.11.04"]
[EventType "swiss"]
[EventRounds "6"]
[EventCountry "BRA"]
[SourceTitle "CBM 175 Extra"]
[Source "ChessBase"]
[SourceDate "2016.12.12"]
[SourceVersion "1"]
[SourceVersionDate "2016.12.12"]
[SourceQuality "1"]

1. e4 e6 2. d4 d5 3. Nc3 Nf6 4. Bg5 dxe4 5. Nxe4 Be7 6. Bxf6 Bxf6 7. Nf3 Nc6 8. c3 0-0 9. Bd3 e5 10. Nxf6+ Qxf6 11. 0-0 Bg4 12. Be4 Rad8 13. h3 Bh5 14. d5 Rfe8 15. Qe2 Ne7 16. Rad1 Nc8 17. g4 Bg6 18. Bxg6 Qxg6 19. Rfe1 e4 20. Nh4 Qg5 21. Nf5 Re5 22. Qe3 Qg6 23. f4 Rxf5 24. Qxe4 Rf6 25. Qe8+ 1-0